000 01218nam0a22002891 4500
001 v19\rc\1359081
005 20060512121106.4
035 _a(NLR Aleph) 004501401
090 _a4690387
_c4690387
100 _a20060512d1896 |||y0rusy50 ca
101 1 _arus
_cger
102 _aRU
105 _aa z |||||
200 1 _aКнига для экскурсий
_eРуководство к набивке чучел, собиранию насекомых, растений и вообще к постановке коллекций трех царств природы
_fСост. Николай Сорокин по Карлу Глазелю
205 _a4-е изд., доп.
210 _aМосква
_cК.И. Тихомиров
_d1896
215 _aVI, 144 с.
_cил.
_d19
320 _aБиблиогр.: "Литература практического естествоведения" (с. 139-144)
700 1 _aГлазль
_bК.
_gКарл
702 1 _aСорокин
_bН. В.
_f1846-1909
_gНиколай Васильевич
_4730
801 0 _aRU
_bNLR
_gpsbo
801 0 _aRU
_bRuMoRGB
_2psbo
801 1 _aRU
_bProSoft-M
_2rusmarc
852 _aNLR
_j20.85.2.22
899 _aБАН
942 _cBOOK
980 _aNB